| 000 | 01283nam a22002657a 4500 | ||
|---|---|---|---|
| 005 | 20150305115026.0 | ||
| 008 | 150305b1999 pe ||||| |||| 00| 0 spa d | ||
| 040 |
_aCo-BoIAvH _cCo-BoIAvH |
||
| 041 | _aspa | ||
| 044 | _ape | ||
| 082 | 0 | 4 |
_a597.928546 _bS68m |
| 100 | 1 | _aSoini, Pekka | |
| 245 | 1 | 0 | _aUn manual para el manejo de quelonios acuáticos en la amazonía peruana (Charapa, Taricaya y Cupiso) |
| 260 |
_aIquitos: _bInstituto de Investigaciones de la Amazonía Peruana, _c1999. |
||
| 300 |
_a68 p. _bfotografías b/n _c21 cm. |
||
| 505 | _aDescripción de la Charapa, Taricaya y Cupiso. Cómo reconocerlas. Un poco de historia natural de la Charapa, Taricaya y Cupiso. Una estrategia para su conservación. Su manejo con fines de aprovechamiento sostenible. Técnica de propagación de crías. Manejo y el sexo de las crías. Algunos métodos sencillos para evaluar su abundancia. | ||
| 650 | 4 |
_aFauna marina _zAmazonas (Región) _zPerú |
|
| 650 | 2 | 4 |
_aTortugas marinas _xconservación _xcría _zAmazonas (Región) _zPerú |
| 650 | 4 | _aQuelonios | |
| 650 | 4 |
_aTortugas _xChelonia |
|
| 650 | 4 |
_aTortugas _xCharapa |
|
| 650 | 4 |
_aTortugas _xTerecay _xTaricaya |
|
| 650 | 4 |
_aTortugas _xcupiso |
|
| 942 |
_2ddc _cLIBRO |
||
| 999 |
_c9082 _d9082 |
||